[Event "CAT-chT 2020"]
[Site "Catalonia"]
[Date "2020.02.15"]
[Round "5"]
[White "Torrecillas Martinez, Antonio"]
[Black "Rios, Cristhian Camilo"]
[Result "*"]
[WhiteElo "2313"]
[BlackElo "2461"]
[Annotator "ChessBase"]
[PlyCount "24"]
[EventDate "2020.01.18"]
[EventType "team-tourn"]
[EventCountry "ESP"]
[SourceTitle "playchess.com"]
[Source "ChessBase"]
[SourceQuality "1"]
[TimeControl "5400+30"]

1. d4 {[%emt 0:00:00]} d5 {[%emt 0:00:04]} 2. c4 {[%emt 0:00:00]} e6 {[%emt 0:00:15]} 3. Nc3 {[%emt 0:00:31]} Bb4 {[%emt 0:00:25]} 4. Qb3 c5 {[%emt 0:01:47]} 5. cxd5 {[%emt 0:06:36]} exd5 {[%emt 0:01:45]} 6. a3 {[%emt 0:04:42]} Ba5 {[%emt 0:08:54]} 7. e3 {[%emt 0:05:22]} c4 {[%emt 0:10:54]} 8. Qc2 {[%emt 0:12:22]} Nc6 {[%emt 0:00:09]} 9. Nf3 {[%emt 0:02:47]} Nge7 10. Be2 {[%emt 0:00:43]} Bf5 {[%emt 0:03:09]} 11. Qd1 {[%emt 0:00:24]} h6 12. O-O {[%emt 0:00:58]} O-O {[%emt 0:02:57]} *

[Event "CAT-chT 2020"]
[Site "Catalonia"]
[Date "2020.02.15"]
[Round "5"]
[White "Estrella Vidiella, Jordi"]
[Black "Fernandez Diaz, Cristian"]
[Result "*"]
[WhiteElo "2301"]
[BlackElo "2321"]
[Annotator "ChessBase"]
[PlyCount "22"]
[EventDate "2020.01.18"]
[EventType "team-tourn"]
[EventCountry "ESP"]
[SourceTitle "playchess.com"]
[Source "ChessBase"]
[SourceQuality "1"]
[TimeControl "5400+30"]

1. e4 {[%emt 0:02:38]} d6 {[%emt 0:02:56]} 2. d4 {[%emt 0:00:12]} Nf6 {[%emt 0:00:10]} 3. Nc3 {[%emt 0:00:18]} g6 {[%emt 0:00:05]} 4. f3 {[%emt 0:01:53]} a6 {[%emt 0:00:09]} 5. Be3 {[%emt 0:00:08]} b5 {[%emt 0:00:06]} 6. Qd2 {[%emt 0:00:24]} Nbd7 {[%emt 0:00:07]} 7. a4 {[%emt 0:01:17]} bxa4 {[%emt 0:10:35]} 8. Nxa4 {[%emt 0:00:48]} Bg7 {[%emt 0:01:49]} 9. Bh6 {[%emt 0:01:30]} O-O {[%emt 0:02:27]} 10. h4 {[%emt 0:00:26]} e5 {[%emt 0:18:01]} 11. d5 {[%emt 0:10:55]} Nh5 {[%emt 0:02:59]} *

[Event "CAT-chT 2020"]
[Site "Catalonia"]
[Date "2020.02.15"]
[Round "5"]
[White "Almeida Toledano, Daniel"]
[Black "Morros Faura, Ricard"]
[Result "*"]
[WhiteElo "2257"]
[BlackElo "2242"]
[Annotator "ChessBase"]
[PlyCount "26"]
[EventDate "2020.01.18"]
[EventType "team-tourn"]
[EventCountry "ESP"]
[SourceTitle "playchess.com"]
[Source "ChessBase"]
[SourceQuality "1"]
[TimeControl "5400+30"]

1. e4 c5 2. Nf3 d6 3. Bb5+ Nd7 4. a4 Ngf6 5. d3 g6 6. a5 Bg7 7. a6 bxa6 8. Bxa6 Bxa6 9. Rxa6 c4 10. O-O O-O 11. Nc3 cxd3 12. cxd3 Nc5 13. Ra3 Qb6 *

[Event "CAT-chT 2020"]
[Site "Catalonia"]
[Date "2020.02.15"]
[Round "5"]
[White "Montilla Carrillo, Esteban"]
[Black "Arias Boo, Guillermo"]
[Result "*"]
[WhiteElo "2187"]
[BlackElo "2191"]
[Annotator "ChessBase"]
[PlyCount "21"]
[EventDate "2020.01.18"]
[EventType "team-tourn"]
[EventCountry "ESP"]
[SourceTitle "playchess.com"]
[Source "ChessBase"]
[SourceQuality "1"]
[TimeControl "5400+30"]

1. e4 {[%emt 0:00:00]} d6 {[%emt 0:00:00]} 2. d4 {[%emt 0:00:12]} Nf6 {[%emt 0:00:00]} 3. Nc3 {[%emt 0:00:18]} Nbd7 {[%emt 0:00:00]} 4. Nf3 {[%emt 0:00:57]} e5 {[%emt 0:00:01]} 5. Bc4 {[%emt 0:00:25]} Be7 {[%emt 0:00:09]} 6. O-O {[%emt 0:08:29]} c6 {[%emt 0:00:10]} 7. a4 {[%emt 0:00:33]} Qc7 {[%emt 0:00:07]} 8. Re1 {[%emt 0:06:45]} h6 {[%emt 0:00:24]} 9. a5 {[%emt 0:02:36]} Nf8 {[%emt 0:00:58]} 10. Nh4 {[%emt 0:07:00]} g6 {[%emt 0:11:04]} 11. d5 {[%emt 0:14:50]} *

[Event "CAT-chT 2020"]
[Site "Catalonia"]
[Date "2020.02.15"]
[Round "5"]
[White "Chalmeta Ugas, Jordi"]
[Black "Lever, Erwan"]
[Result "*"]
[WhiteElo "2173"]
[BlackElo "2146"]
[Annotator "ChessBase"]
[PlyCount "33"]
[EventDate "2020.01.18"]
[EventType "team-tourn"]
[EventCountry "ESP"]
[SourceTitle "playchess.com"]
[Source "ChessBase"]
[SourceQuality "1"]
[TimeControl "5400+30"]

1. d4 {[%emt 0:00:00]} Nf6 {[%emt 0:00:00]} 2. c4 {[%emt 0:00:00]} g6 {[%emt 0:00:00]} 3. Nc3 {[%emt 0:00:00]} d5 {[%emt 0:00:00]} 4. e3 {[%emt 0:00:00]} Bg7 {[%emt 0:00:00]} 5. cxd5 {[%emt 0:00:00]} Nxd5 {[%emt 0:00:04]} 6. Nxd5 {[%emt 0:00:00]} Qxd5 {[%emt 0:00:06]} 7. Ne2 {[%emt 0:00:02]} O-O {[%emt 0:05:40]} 8. Nc3 {[%emt 0:00:28]} Qd6 {[%emt 0:06:26]} 9. Be2 {[%emt 0:03:20]} c5 {[%emt 0:06:58]} 10. d5 {[%emt 0:00:45]} e6 {[%emt 0:03:55]} 11. e4 {[%emt 0:01:00]} exd5 {[%emt 0:00:45]} 12. exd5 {[%emt 0:00:06]} Nd7 {[%emt 0:06:27]} 13. O-O {[%emt 0:01:07]} Nf6 {[%emt 0:02:37]} 14. Bf3 {[%emt 0:04:22]} Bf5 {[%emt 0:01:25]} 15. g3 {[%emt 0:02:39]} Rfe8 {[%emt 0:07:08]} 16. Bf4 {[%emt 0:02:39]} Qd7 17. Qb3 {[%emt 0:05:22]} *

[Event "CAT-chT 2020"]
[Site "Catalonia"]
[Date "2020.02.15"]
[Round "5"]
[White "Garcia Marin, Guillem"]
[Black "Alvarez Albiol, Victor"]
[Result "*"]
[WhiteElo "2037"]
[BlackElo "2163"]
[Annotator "NA"]
[PlyCount "29"]
[EventDate "2020.01.18"]
[EventType "team-tourn"]
[EventCountry "ESP"]
[SourceTitle "playchess.com"]
[Source "ChessBase"]
[SourceQuality "1"]
[TimeControl "5400+30"]

1. d4 {[%emt 0:00:00]} Nf6 {[%emt 0:00:00]} 2. Nf3 {[%emt 0:00:00]} c5 {[%emt 0:00:00]} 3. d5 {[%emt 0:00:09]} g6 {[%emt 0:00:03]} 4. Nc3 {[%emt 0:01:17]} Bg7 {[%emt 0:00:25]} 5. e4 {[%emt 0:00:40]} d6 {[%emt 0:00:11]} 6. Bc4 {[%emt 0:01:04]} O-O {[%emt 0:00:28]} 7. O-O {[%emt 0:00:10]} Nbd7 {[%emt 0:03:45]} 8. a4 {[%emt 0:04:35]} Nb6 {[%emt 0:03:20]} 9. Bb3 {[%emt 0:05:34]} Bg4 {[%emt 0:01:05]} 10. a5 {[%emt 0:05:22]} Nbd7 {[%emt 0:00:56]} 11. h3 {[%emt 0:02:08]} Bxf3 {[%emt 0:00:10]} 12. Qxf3 {[%emt 0:00:06]} b6 {[%emt 0:05:15]} 13. axb6 {[%emt 0:08:53]} axb6 {[%emt 0:03:29]} 14. Bg5 {[%emt 0:05:38]} h6 {[%emt 0:06:03]} 15. Bh4 {[%emt 0:04:53]} *

[Event "CAT-chT 2020"]
[Site "Catalonia"]
[Date "2020.02.15"]
[Round "5"]
[White "Valentin Sosa, Ameyalli Mo"]
[Black "Mestre Bellido, Hector"]
[Result "*"]
[WhiteElo "1634"]
[BlackElo "2285"]
[Annotator "ChessBase"]
[PlyCount "29"]
[EventDate "2020.01.18"]
[EventType "team-tourn"]
[EventCountry "ESP"]
[SourceTitle "playchess.com"]
[Source "ChessBase"]
[SourceQuality "1"]
[TimeControl "5400+30"]

1. e4 {[%emt 0:00:00]} e5 {[%emt 0:00:00]} 2. Nf3 {[%emt 0:00:00]} Nc6 {[%emt 0:00:00]} 3. Bc4 {[%emt 0:00:30]} Bc5 {[%emt 0:00:00]} 4. d3 {[%emt 0:00:10]} d6 {[%emt 0:00:29]} 5. c3 {[%emt 0:00:35]} Nf6 {[%emt 0:01:03]} 6. O-O {[%emt 0:00:13]} a6 {[%emt 0:00:11]} 7. Bb3 {[%emt 0:00:16]} Ba7 {[%emt 0:01:25]} 8. Nbd2 {[%emt 0:02:04]} O-O {[%emt 0:00:17]} 9. h3 {[%emt 0:01:01]} Nh5 {[%emt 0:09:08]} 10. Nc4 {[%emt 0:07:15]} Nf4 {[%emt 0:02:51]} 11. Bxf4 {[%emt 0:00:55]} exf4 {[%emt 0:00:04]} 12. d4 {[%emt 0:00:15]} Kh8 {[%emt 0:17:54]} 13. Re1 {[%emt 0:01:18]} f5 {[%emt 0:00:04]} 14. exf5 {[%emt 0:01:57]} Bxf5 {[%emt 0:11:42]} 15. Bc2 {[%emt 0:01:00]} *

[Event "CAT-chT 2020"]
[Site "Catalonia"]
[Date "2020.02.15"]
[Round "5.1"]
[White "Lopez Martinez, Josep Manuel"]
[Black "Movsziszian, Karen"]
[Result "1/2-1/2"]
[WhiteElo "2539"]
[BlackElo "2472"]
[Annotator "TA"]
[PlyCount "82"]
[EventDate "2020.01.18"]
[EventType "team-tourn"]
[EventCountry "ESP"]
[SourceTitle "playchess.com"]
[Source "ChessBase"]
[SourceQuality "1"]

{[%evp 15,82,48,62,31,60,57,69,60,69,22,17,-4,13,0,15,0,0,0,0,-32,-3,-20,-20,-20,-20,-20,0,-20,-20,-21,-21,-21,-21,-25,-10,-19,-19,-33,11,11,11,11,11,0,11,11,11,11,11,0,0,0,18,18,18,11,11,0,11,11,11,0,11,0,11,0,11,0,23]} 1. d4 d6 2. e4 g6 3. Nf3 Nf6 4. Bd3 Bg7 5. c3 O-O 6. O-O c5 7. h3 Nc6 8. d5 Na5 9. Re1 {B07: Pirc Defence: Miscellaneous Systems.} b6 {[#]} 10. c4 $146 ({Predecessor:} 10. Bg5 e5 11. b4 Nb7 12. Ba6 h6 13. Bc1 Nh5 14. Nbd2 Rb8 15. Nc4 Qc7 16. a4 Bd7 {0-1 (45) Jonkman,H (2497)-Odendahl,R (2379) Amsterdam 2002}) 10... e5 11. Bg5 {White is slightly better.} h6 12. Bxf6 (12. Bd2 {feels hotter.} Nh5 13. Nc3 Nf4 14. Bf1 a6 15. a3) 12... Qxf6 13. Nbd2 h5 14. a3 Bh6 15. b4 Nb7 16. Nb3 Bd7 17. bxc5 bxc5 18. Rb1 Rfb8 19. Re2 Qd8 20. Reb2 Qc7 21. Kh1 Nd8 22. Ng1 Rb6 23. Ne2 Rab8 24. Nc3 a6 25. Qc2 Bg5 26. Nd2 Bxd2 27. Qxd2 {The position is equal.} Rxb2 28. Rxb2 Kg7 29. Kh2 Rxb2 30. Qxb2 h4 31. Ne2 Qb7 32. Qc3 f6 33. Ng1 Qb6 34. Nf3 g5 35. Nd2 Nf7 36. Nf1 Nh6 37. Ne3 Kf7 38. Bc2 Ke7 39. Bd3 Kf7 40. Bc2 Ke7 41. Bd3 Bc8 {Accuracy: White = 90%, Black = 90%.} 1/2-1/2

[Event "CAT-chT 2020"]
[Site "Catalonia"]
[Date "2020.02.15"]
[Round "5.1"]
[White "Jerez Perez, Alfonso"]
[Black "Krysa, Leandro"]
[Result "1/2-1/2"]
[WhiteElo "2387"]
[BlackElo "2522"]
[Annotator "TA"]
[PlyCount "152"]
[EventDate "2020.01.18"]
[EventType "team-tourn"]
[EventCountry "ESP"]
[SourceTitle "playchess.com"]
[Source "ChessBase"]
[SourceQuality "1"]

{[%evp 14,152,-12,-9,-9,-27,0,-50,-63,-56,-60,-105,-100,-125,-27,-62,-45,-100,-58,-84,-103,-111,-106,-153,-152,-156,-147,-147,-142,-137,-18,-29,0,0,0,0,-7,0,21,-34,0,0,163,169,135,164,147,62,63,65,83,0,8,0,0,8,33,37,81,68,77,79,68,88,65,68,126,133,159,150,137,106,144,135,182,92,144,8,18,0,64,72,85,72,72,72,83,69,69,69,168,140,128,72,72,70,70,70,69,64,65,0,69,69,71,64,71,71,71,71,72,72,72,72,72,72,72,72,72,72,72,72,72,72,72,72,72,72,72,72,72,72,29987,72,72,72,72,72,72,72,72]} 1. e4 e5 2. Nf3 Nc6 3. Bb5 a6 4. Ba4 Nf6 5. Qe2 Bc5 6. c3 b5 7. Bb3 O-O 8. d3 h6 {C77: Ruy Lopez: 3...a6 4 Ba4 Nf6, unusual lines.} 9. h3 d5 10. g4 {[#]} Qd6 $146 {Black is slightly better.} ({Predecessor:} 10... Be6 11. g5 dxe4 12. dxe4 Bxb3 13. axb3 hxg5 14. Bxg5 Qd6 15. Nbd2 Nh7 16. Rg1 Nxg5 17. Rxg5 {1-0 (33) Tiviakov,S (2569)-Sanal,V (2505) Nakhchivan 2017}) 11. Nbd2 d4 12. c4 Na5 13. O-O Nxg4 (13... h5 $17 14. g5 Bxh3 15. gxf6 Qxf6) 14. hxg4 $11 Bxg4 15. Qe1 ({White should try} 15. Kh1 $15) 15... Bb4 16. Nh2 Bh3 {( -> ...Qg6+)} 17. Kh1 bxc4 $1 18. Bxc4 Nxc4 19. dxc4 Bxf1 20. Qxf1 Rab8 21. Ndf3 d3 ({Better is} 21... f5 $17 22. exf5 Rxf5) 22. Be3 Rfd8 23. Rd1 Bc5 24. Bxc5 Qxc5 25. b3 Rd6 26. Ng4 (26. Nh4 $11) 26... Rbd8 27. Ne3 g6 $2 (27... Rf6 $11 28. Qg2 Rf4) 28. Qh3 $1 $18 {[%cal Rh3h6][%mdl 1024] White has strong compensation.} h5 29. Qg3 Re6 30. Rd2 (30. Nd5 $16 {Strongly threatening Ng5.} c6 31. Ng5) 30... c6 $14 31. Qg5 Qe7 {[#]} 32. Qxe7 (32. c5 $1 $16 {[%mdl 512]}) 32... Rxe7 $11 33. c5 {[#]} f5 $1 {[%mdl 512]} 34. Ng5 (34. exf5 e4) 34... fxe4 35. Nxe4 Rd4 36. f3 a5 37. Kg2 a4 38. Nc4 $1 axb3 39. axb3 g5 (39... Kf8 $14) 40. Ncd6 $16 Ra7 41. Nf5 $1 {[%cal Rf5d4]} Rd8 42. Nfd6 Rda8 {...Ra2 would now be nice for Black.} 43. Rxd3 Ra2+ 44. Nd2 (44. Kg3 $18) 44... Rc2 (44... Rf8 $142) 45. N6c4 (45. N6e4 $16) 45... Raa2 $11 46. Rd6 Rc3 (46... Kg7 $11) 47. Kg3 $14 g4 48. Nxe5 {Black must now prevent Ne4.} gxf3 49. Ndxf3 Rxc5 50. Rg6+ Kh8 51. Kf4 {aiming for Nd7.} Rb2 (51... Rf2 $14) 52. Nd3 ({Stronger than} 52. Rxc6 Rxc6 53. Nxc6 Rxb3 $11) 52... Rcc2 {[#]} 53. Nxb2 ({White should play} 53. Nd4 $1 Rg2 54. Rh6+ {[%mdl 64] Double Attack} (54. Nxb2 Rxg6 55. Nd3 Rg4+ 56. Ke3 h4 $11) (54. Rxc6 Rg4+ 55. Ke5 Rd2 $16) 54... Kg7 55. Rxh5 (55. Nxb2 Rg4+ 56. Ke5 Kxh6 $11)) 53... Rxb2 $16 {[%mdl 4096] Endgame KRN-KR} 54. Kf5 {Threatens to win with Ne5.} Rxb3 55. Ng5 {White threatens Kf6 and mate.} Rb1 $1 56. Nf7+ Kh7 {...Rf1+ is the strong threat.} 57. Ng5+ Kh8 58. Rxc6 {Hoping for Kg6.} Kg8 59. Re6 Kf8 60. Kg6 {Nh7+ would kill now.} Rg1 61. Kxh5 Kg7 62. Rg6+ Kh8 63. Rf6 Kg7 64. Rf7+ Kg8 65. Rf4 Ra1 66. Ne6 Re1 67. Rf6 Kh7 68. Ng5+ Kg8 69. Kg6 Rg1 70. Rf2 Ra1 71. Ne6 {[%csl Ge6][%cal Rf2f8]} Rg1+ 72. Kf6 Kh7 $2 {[%mdl 8192] [#]} (72... Rg3 $16) 73. Ng5+ $2 (73. Kf7 $1 {mates} Rh1 74. Rf6 Rh5 75. Nf8+ Kh8 76. Kg6 Rh4 77. Ne6 Rg4+ 78. Kf7) 73... Kg8 {White is better.} 74. Nf7 Ra1 75. Nd6 Ra6 76. Ke6 Kh7 {Accuracy: White = 72%, Black = 68%.} 1/2-1/2

[Event "CAT-chT 2020"]
[Site "Catalonia"]
[Date "2020.02.15"]
[Round "5.2"]
[White "Garriga Cazorla, Pere"]
[Black "Granados Gomez, Manuel"]
[Result "1-0"]
[WhiteElo "2486"]
[BlackElo "2374"]
[Annotator "ChessBase"]
[PlyCount "53"]
[EventDate "2020.01.18"]
[EventType "team-tourn"]
[EventCountry "ESP"]
[SourceTitle "playchess.com"]
[Source "ChessBase"]
[SourceQuality "1"]
[TimeControl "5400+30"]

1. Nf3 {[%emt 0:00:00]} d5 {[%emt 0:00:00]} 2. c4 {[%emt 0:00:00]} c6 {[%emt 0:00:00]} 3. d4 {[%emt 0:00:00]} Nf6 {[%emt 0:00:07]} 4. Nc3 {[%emt 0:00:00]} dxc4 {[%emt 0:00:09]} 5. a4 {[%emt 0:00:00]} Bf5 {[%emt 0:00:13]} 6. e3 {[%emt 0:00:00]} e6 {[%emt 0:00:08]} 7. Bxc4 {[%emt 0:00:02]} Bb4 {[%emt 0:00:09]} 8. O-O {[%emt 0:00:05]} O-O {[%emt 0:00:10]} 9. Qe2 {[%emt 0:00:01]} Ne4 {[%emt 0:00:13]} 10. Ne5 {[%emt 0:00:20]} Nxc3 {[%emt 0:05:49]} 11. bxc3 {[%emt 0:00:21]} Bxc3 {[%emt 0:00:08]} 12. Ra3 {[%emt 0:00:05]} Bb4 {[%emt 0:00:10]} 13. Rb3 {[%emt 0:01:16]} a5 {[%emt 0:02:16]} 14. e4 {[%emt 0:01:38]} Bg6 {[%emt 0:00:45]} 15. h4 {[%emt 0:07:19]} Qxh4 {[%emt 0:07:00]} 16. Nxg6 {[%emt 0:00:50]} hxg6 {[%emt 0:00:17]} 17. Rh3 {[%emt 0:00:40]} Qe7 {[%emt 0:00:16]} 18. Qg4 {[%emt 0:01:52]} Re8 19. Bg5 {[%emt 0:24:30]} f6 {[%emt 0:02:32]} 20. f4 {[%emt 0:02:02]} b5 {[%emt 0:03:21]} 21. Ba2 {[%emt 0:01:39]} Bd2 {[%emt 0:06:54]} 22. f5 {[%emt 0:02:41]} Bxg5 {[%emt 0:01:04]} 23. Bxe6+ {[%emt 0:00:07]} Qxe6 {[%emt 0:00:19]} 24. fxe6 {[%emt 0:00:06]} Na6 {[%emt 0:00:43]} 25. e5 {[%emt 0:00:27]} Nc7 {[%emt 0:00:42]} 26. exf6 {[%emt 0:00:06]} gxf6 {[%emt 0:00:16]} 27. Rxf6 {[%emt 0:00:16]} 1-0

[Event "CAT-chT 2020"]
[Site "Catalonia"]
[Date "2020.02.15"]
[Round "5.2"]
[White "Cruz Sanchez, Jonathan Esteban"]
[Black "Cuartas Medina, Jaime Alexander"]
[Result "0-1"]
[WhiteElo "2387"]
[BlackElo "2508"]
[Annotator "ChessBase"]
[PlyCount "107"]
[EventDate "2020.01.18"]
[EventType "team-tourn"]
[EventCountry "ESP"]
[SourceTitle "playchess.com"]
[Source "ChessBase"]
[SourceQuality "1"]
[TimeControl "5400+30"]

1. e4 c5 2. Nc3 Nc6 3. f4 g6 4. Nf3 Bg7 5. Bb5 Nd4 6. O-O Nxb5 7. Nxb5 d5 8. exd5 a6 9. Nc3 Nf6 10. d4 Nxd5 11. dxc5 Nxc3 12. Qxd8+ Kxd8 13. bxc3 Bxc3 14. Rb1 Kc7 15. Rb3 Bf6 16. Bd2 a5 17. Rfb1 Ra7 18. c6 Kxc6 19. Bc3 Kc7 20. Be5+ Bxe5 21. Nxe5 Ra6 22. Rc3+ Kb8 23. Nxf7 Rf8 24. Ne5 Be6 25. Rc6 Rxc6 26. Nxc6+ Kc7 27. Nxa5 b6 28. Nb3 Rxf4 29. Re1 Kd6 30. Re2 Bd5 31. Rd2 e5 32. Rf2 Rc4 33. Re2 b5 34. Kf2 b4 35. g3 Rc8 36. Rd2 g5 37. Nc1 e4 38. Ne2 Ke5 39. c3 bxc3 40. Rc2 Bc4 41. Rxc3 Rf8+ 42. Ke1 Bxa2 43. Rc5+ Bd5 44. Nc3 Rd8 45. Nxd5 Rxd5 46. Rc7 h6 47. Ke2 Ra5 48. Re7+ Kf5 49. Rf7+ Kg4 50. Ke3 Ra2 51. h4 Kxg3 52. hxg5 hxg5 53. Rf1 Kg2 54. Re1 0-1

[Event "CAT-chT 2020"]
[Site "Catalonia"]
[Date "2020.02.15"]
[Round "5.3"]
[White "Arnaudov, G. Petar"]
[Black "Dominguez Pons, Eric"]
[Result "0-1"]
[WhiteElo "2473"]
[BlackElo "2374"]
[Annotator "ChessBase"]
[PlyCount "72"]
[EventDate "2020.01.18"]
[EventType "team-tourn"]
[EventCountry "ESP"]
[SourceTitle "playchess.com"]
[Source "ChessBase"]
[SourceQuality "1"]
[TimeControl "5400+30"]

1. Nf3 c6 2. d4 d5 3. c4 Nf6 4. Nc3 dxc4 5. e4 b5 6. e5 Nd5 7. a4 Nxc3 8. bxc3 e6 9. Ng5 h6 10. Qh5 g6 11. Qh3 Bb7 12. Be2 Nd7 13. O-O a6 14. f4 Be7 15. Bf3 Qc7 16. Be4 c5 17. Nxf7 Kxf7 18. Bxg6+ Kxg6 19. Qxe6+ Nf6 20. axb5 Bd5 21. Qh3 axb5 22. f5+ Kg7 23. Rxa8 Bxa8 24. exf6+ Bxf6 25. Qg4+ Kf8 26. Bf4 Qg7 27. Qe2 cxd4 28. cxd4 Bxd4+ 29. Kh1 Bf6 30. Bg3 Kg8 31. Qe8+ Kh7 32. Qxb5 Qb7 33. Qxb7+ Bxb7 34. Rb1 Be4 35. Rb6 Rd8 36. h4 Bd4 0-1

[Event "CAT-chT 2020"]
[Site "Catalonia"]
[Date "2020.02.15"]
[Round "5.3"]
[White "Torrecillas Martinez, Antonio"]
[Black "Rios, Cristhian Camilo"]
[Result "0-1"]
[WhiteElo "2313"]
[BlackElo "2461"]
[Annotator "ChessBase"]
[PlyCount "76"]
[EventDate "2020.01.18"]
[EventType "team-tourn"]
[EventCountry "ESP"]
[SourceTitle "playchess.com"]
[Source "ChessBase"]
[SourceQuality "1"]
[TimeControl "5400+30"]

1. d4 {[%emt 0:00:00]} d5 {[%emt 0:00:04]} 2. c4 {[%emt 0:00:00]} e6 {[%emt 0:00:15]} 3. Nc3 {[%emt 0:00:31]} Bb4 {[%emt 0:00:25]} 4. Qb3 c5 {[%emt 0:01:47]} 5. cxd5 {[%emt 0:06:36]} exd5 6. a3 {[%emt 0:04:42]} Ba5 {[%emt 0:08:54]} 7. e3 c4 {[%emt 0:10:54]} 8. Qc2 {[%emt 0:12:22]} Nc6 {[%emt 0:00:09]} 9. Nf3 {[%emt 0:02:47]} Nge7 10. Be2 {[%emt 0:00:43]} Bf5 {[%emt 0:03:09]} 11. Qd1 {[%emt 0:00:24]} h6 12. O-O {[%emt 0:00:58]} O-O {[%emt 0:02:57]} 13. Bd2 {[%emt 0:21:50]} a6 {[%emt 0:00:44]} 14. b3 {[%emt 0:04:41]} b5 {[%emt 0:01:34]} 15. bxc4 {[%emt 0:01:22]} bxc4 {[%emt 0:00:52]} 16. Na4 {[%emt 0:02:16]} Rb8 {[%emt 0:04:08]} 17. Bxa5 {[%emt 0:03:07]} Qxa5 {[%emt 0:02:11]} 18. Nc5 {[%emt 0:03:03]} Rb2 19. Qe1 Rfb8 {[%emt 0:03:30]} 20. Ne5 {[%emt 0:12:34]} Rxe2 {[%emt 0:20:06]} 21. Nxc6 {[%emt 0:01:41]} Rxe1 {[%emt 0:00:10]} 22. Nxa5 {[%emt 0:00:19]} Rxa1 {[%emt 0:01:07]} 23. Rxa1 {[%emt 0:00:02]} Rb5 {[%emt 0:00:22]} 24. Nab7 {[%emt 0:04:09]} Rb6 {[%emt 0:03:49]} 25. a4 {[%emt 0:02:24]} Nc6 {[%emt 0:02:30]} 26. a5 {[%emt 0:02:07]} Rb2 {[%emt 0:04:07]} 27. Rc1 {[%emt 0:04:41]} Nb4 {[%emt 0:03:35]} 28. Nd6 {[%emt 0:00:39]} Na2 29. Re1 {[%emt 0:01:18]} Bg6 {[%emt 0:03:50]} 30. Na4 {[%emt 0:06:50]} Rb4 {[%emt 0:01:00]} 31. Nb6 {[%emt 0:00:36]} c3 {[%emt 0:02:38]} 32. Nxd5 {[%emt 0:00:11]} Rb1 {[%emt 0:00:15]} 33. Rxb1 Bxb1 {[%emt 0:00:08]} 34. Nxc3 {[%emt 0:01:54]} Nxc3 {[%emt 0:00:07]} 35. Nb7 {[%emt 0:01:34]} Bd3 {[%emt 0:01:22]} 36. Nc5 {[%emt 0:00:29]} Bc4 {[%emt 0:00:23]} 37. f3 {[%emt 0:00:20]} Kf8 {[%emt 0:00:10]} 38. e4 {[%emt 0:00:22]} Ne2+ {[%emt 0:00:11]} 0-1

[Event "CAT-chT 2020"]
[Site "Catalonia"]
[Date "2020.02.15"]
[Round "5.4"]
[White "Sosa, Tomas"]
[Black "Mestre Bellido, Hector"]
[Result "1-0"]
[WhiteElo "2511"]
[BlackElo "2285"]
[Annotator "ChessBase"]
[PlyCount "97"]
[EventDate "2020.01.18"]
[EventType "team-tourn"]
[EventCountry "ESP"]
[SourceTitle "playchess.com"]
[Source "ChessBase"]
[SourceQuality "1"]
[TimeControl "5400+30"]

1. e4 {[%emt 0:00:00]} e5 {[%emt 0:00:00]} 2. Nf3 {[%emt 0:00:00]} Nc6 {[%emt 0:00:00]} 3. Bc4 {[%emt 0:00:30]} Bc5 {[%emt 0:00:00]} 4. d3 {[%emt 0:00:10]} d6 {[%emt 0:00:29]} 5. c3 {[%emt 0:00:35]} Nf6 {[%emt 0:01:03]} 6. O-O {[%emt 0:00:13]} a6 {[%emt 0:00:11]} 7. Bb3 {[%emt 0:00:16]} Ba7 {[%emt 0:01:25]} 8. Nbd2 {[%emt 0:02:04]} O-O {[%emt 0:00:17]} 9. h3 {[%emt 0:01:01]} Nh5 {[%emt 0:09:08]} 10. Nc4 {[%emt 0:07:15]} Nf4 {[%emt 0:02:51]} 11. Bxf4 {[%emt 0:00:55]} exf4 {[%emt 0:00:04]} 12. d4 Kh8 {[%emt 0:17:54]} 13. Re1 {[%emt 0:01:18]} f5 {[%emt 0:00:04]} 14. exf5 {[%emt 0:01:57]} Bxf5 {[%emt 0:11:42]} 15. Bc2 {[%emt 0:01:00]} Qd7 {[%emt 0:09:27]} 16. Bxf5 {[%emt 0:01:39]} Rxf5 {[%emt 0:01:37]} 17. Qd3 {[%emt 0:02:14]} g6 {[%emt 0:20:20]} 18. Ncd2 {[%emt 0:10:48]} d5 {[%emt 0:01:22]} 19. Re2 {[%emt 0:01:53]} Rff8 {[%emt 0:03:45]} 20. Ne5 {[%emt 0:06:33]} Nxe5 {[%emt 0:00:52]} 21. Rxe5 {[%emt 0:00:08]} c6 {[%emt 0:02:05]} 22. Rae1 {[%emt 0:01:43]} Rae8 {[%emt 0:00:02]} 23. Qe2 {[%emt 0:01:01]} Rxe5 {[%emt 0:00:04]} 24. Qxe5+ {[%emt 0:00:09]} Qg7 {[%emt 0:08:14]} 25. Qg5 {[%emt 0:02:24]} h6 {[%emt 0:00:26]} 26. Qg4 {[%emt 0:00:42]} Kh7 {[%emt 0:04:59]} 27. Nf3 {[%emt 0:00:41]} Bb6 {[%emt 0:01:21]} 28. Re6 {[%emt 0:07:12]} h5 {[%emt 0:00:02]} 29. Qg5 {[%emt 0:03:36]} Bd8 {[%emt 0:00:06]} 30. Qe5 {[%emt 0:00:11]} Qxe5 {[%emt 0:01:42]} 31. Nxe5 {[%emt 0:00:07]} g5 {[%emt 0:00:34]} 32. Rd6 {[%emt 0:00:24]} Re8 {[%emt 0:01:21]} 33. Rd7+ {[%emt 0:00:52]} Kg8 {[%emt 0:00:02]} 34. Rxb7 {[%emt 0:00:51]} Bf6 {[%emt 0:00:01]} 35. Nd3 {[%emt 0:01:09]} Re2 {[%emt 0:00:19]} 36. Kf1 {[%emt 0:00:25]} Rd2 {[%emt 0:00:01]} 37. Ke1 {[%emt 0:13:29]} Rxd3 {[%emt 0:00:03]} 38. Ke2 {[%emt 0:00:05]} Rxd4 {[%emt 0:00:12]} 39. cxd4 {[%emt 0:00:13]} Bxd4 {[%emt 0:00:02]} 40. b4 {[%emt 0:00:47]} c5 {[%emt 0:03:16]} 41. bxc5 {[%emt 0:00:18]} Bxc5 {[%emt 0:00:02]} 42. Rd7 {[%emt 0:00:14]} d4 {[%emt 0:00:46]} 43. Rd5 {[%emt 0:00:06]} Be7 {[%emt 0:00:09]} 44. Rxd4 {[%emt 0:00:05]} a5 {[%emt 0:00:20]} 45. a4 {[%emt 0:00:20]} Kf7 {[%emt 0:00:11]} 46. Rd5 {[%emt 0:00:05]} g4 {[%emt 0:00:55]} 47. Rxh5 {[%emt 0:00:20]} gxh3 {[%emt 0:00:07]} 48. gxh3 {[%emt 0:00:19]} Bb4 {[%emt 0:00:13]} 49. Rf5+ {[%emt 0:00:04]} 1-0